000 01061cab a22002655a 4500
001 L154091
008 111012e20111008xxk 000 0 eng d
035 _a(Sirsi) u154091
041 0 _aeng
100 1 _aArmitage, Simon
245 0 0 _aUnlocking the dangers
260 _c2011
490 _aEstates Gazette
_v(1140) 8 October 2011, 98-99(2)
520 _aDuty of care, occupiers' liability, trespassers and manslaughter, adequte insurance coer are key issues which property managers responsible for managing empty properties need to take into consideration. The number of empty premises are increasing as retailers go into administration and office premises become vacant.
590 _aKA
650 2 4 _aDONOGHUE V STEVENSON
650 2 4 _aOCCUPIERS' LIABILITY ACT 1957
650 2 4 _aOCCUPIERS LIABILITY ACT 1984
650 2 4 _aBRITISH RAILWAYS BOARD V HERRINGTON
650 2 4 _aCORPORATE MANSLAUGHTER AND CORPORATE HOMICIDE ACT 2007
651 4 _aUnited Kingdom
_y
690 _aPROPERTY-INFRASTRUCTURE
700 1 _aHighmore, Sue
942 _n0
999 _c83492
_d83492